000 00551nam a2200181Ia 4500
003 GCL
008 140319s9999 xx 000 0 ara d
040 _aGCL /
_cGCL
082 0 4 _a813.087
_bح م
100 1 _aحامد سليمان
245 1 0 _aمائة يوم فى احراش افريقيا /
_cحامد سليمان
260 _a[S.N] :
_bالهيئة المصرية العامة للكتاب ،
_c1991
300 _a229 ص
490 _a
650 0 4 _aالادب العربى
650 0 4 _aالرحلات فى الادب
942 _2ddc
_cBK
999 _c29703
_d29703